Szybka matematyka – potrójna liczba! - Statystyki

Ogólne statystyki
  • Ten quiz został rozwiązany 815 razy
  • Średni wynik to 13 z 20
Statystyki odpowiedzi
numer potroić % Poprawnych
8 24
94%
7 21
93%
10 30
92%
30 90
92%
9 27
90%
5 15
89%
100 300
88%
25 75
88%
6 18
87%
55 165
85%
14 42
85%
21 63
85%
20 60
84%
13 39
83%
15 45
83%
11 33
82%
33 99
82%
40 120
81%
51 153
81%
60 180
81%
70 210
81%
12 36
81%
90 270
80%
91 273
80%
32 96
80%
50 150
78%
80 240
78%
22 66
77%
54 162
76%
31 93
75%
16 48
73%
35 105
72%
52 156
72%
23 69
72%
41 123
70%
24 72
70%
26 78
70%
29 87
70%
45 135
69%
63 189
69%
61 183
68%
18 54
68%
19 57
68%
53 159
67%
82 246
67%
27 81
67%
99 297
66%
42 126
64%
62 186
64%
65 195
64%
72 216
64%
56 168
63%
57 171
63%
17 51
63%
44 132
62%
81 243
62%
34 102
61%
71 213
61%
43 129
60%
49 147
60%
75 225
60%
59 177
59%
95 285
58%
36 108
57%
39 117
57%
47 141
57%
64 192
57%
79 237
57%
92 276
57%
83 249
56%
48 144
55%
58 174
55%
73 219
55%
74 222
55%
87 261
55%
93 279
55%
28 84
55%
85 255
52%
67 201
50%
77 231
50%
68 204
49%
84 252
49%
97 291
49%
98 294
49%
38 114
48%
66 198
47%
78 234
47%
37 111
46%
88 264
46%
89 267
46%
46 138
44%
86 258
44%
94 282
44%
96 288
41%
69 207
39%
76 228
39%
Nie znaleziono quizów pasujących do podanych kryteriów
Rozkład punktacji
Procent ludzi z każdym wynikiem
Percentyl według liczby udzielonych odpowiedzi
Twoja historia wyników
Nie rozwiązałeś tego quizu